[Event "FISCA Online U14 op"]
[Site "Chess.com INT"]
[Date "2020.05.15"]
[Round "7"]
[White "Aarav, Lakhani"]
[Black "Jaiveer, Mahendru"]
[Result "0-1"]
[WhiteElo "1491"]
[BlackElo "1695"]
[PlyCount "74"]
[EventDate "2020.05.09"]
[EventType "swiss"]
[EventRounds "9"]
[EventCountry "ROU"]
[SourceTitle "EXT 2021"]
[Source "ChessBase"]
[SourceDate "2020.10.23"]
[SourceVersion "1"]
[SourceVersionDate "2020.10.23"]
[SourceQuality "1"]

1. e4 c5 2. Nf3 d6 3. c3 Nf6 4. Qc2 Nc6 5. Be2 g6 6. 0-0 Bg7 7. Rd1 0-0 8. d4 cxd4 9. Nxd4 Ne5 10. Nf3 Nfg4 11. Nxe5 Nxe5 12. Nd2 b6 13. Nc4 Bb7 14. Nxe5 Bxe5 15. Bh6 Bg7 16. Bxg7 Kxg7 17. f3 Qc7 18. Qd3 Rac8 19. Qd4+ Kg8 20. Qe3 Rfd8 21. c4 Qb8 22. Rac1 Rc5 23. b4 Rc7 24. Rd2 Ba6 25. Rdc2 Rdc8 26. Qa3 Qb7 27. Qb3 Qa8 28. Bd3 Bb7 29. Qa3 a6 30. c5 bxc5 31. bxc5 dxc5 32. Rxc5 Qa7 33. Kf1 Rxc5 34. Rb1 Rc3 35. Qxe7 Rxd3 36. Rxb7 Rc1+ 37. Ke2 Qe3# 0-1

[Event "FISCA Online U14 op"]
[Site "Chess.com INT"]
[Date "2020.05.11"]
[Round "3"]
[White "Moroita, Vlad"]
[Black "Aarav, Lakhani"]
[Result "1-0"]
[WhiteElo "1194"]
[BlackElo "1491"]
[PlyCount "107"]
[EventDate "2020.05.09"]
[EventType "swiss"]
[EventRounds "9"]
[EventCountry "ROU"]
[SourceTitle "EXT 2021"]
[Source "ChessBase"]
[SourceDate "2020.10.23"]
[SourceVersion "1"]
[SourceVersionDate "2020.10.23"]
[SourceQuality "1"]

1. d4 d5 2. Nf3 Nf6 3. c4 e6 4. Bg5 Be7 5. e3 c6 6. Nc3 h6 7. Bf4 Bd6 8. Bg3 Bxg3 9. hxg3 Nbd7 10. Bd3 b6 11. 0-0 Bb7 12. cxd5 cxd5 13. Rc1 0-0 14. Qe2 Ne4 15. Nd2 f5 16. Rfd1 Rc8 17. g4 Nxc3 18. Rxc3 Rxc3 19. bxc3 f4 20. exf4 Qe8 21. f5 exf5 22. Qxe8 Rxe8 23. Bxf5 Nf6 24. Nf3 Bc8 25. Ne5 Bxf5 26. gxf5 Rc8 27. Rc1 Ne4 28. c4 Nd6 29. c5 Nxf5 30. Nf3 bxc5 31. Rxc5 Rxc5 32. dxc5 Kf7 33. Kf1 Ke6 34. Ke2 h5 35. Kd3 g6 36. Nd4+ Nxd4 37. Kxd4 g5 38. f3 h4 39. a4 a5 40. c6 Kd6 41. c7 Kxc7 42. Kxd5 Kd7 43. Ke5 Kc6 44. Kf5 Kc5 45. Kxg5 Kb4 46. f4 Kxa4 47. f5 Kb3 48. f6 a4 49. f7 a3 50. f8Q a2 51. Qf1 Kb2 52. Kxh4 a1Q 53. Qxa1+ Kxa1 54. g4 1-0

[Event "FISCA Online U14 op"]
[Site "Chess.com INT"]
[Date "2020.05.10"]
[Round "2"]
[White "Aarav, Lakhani"]
[Black "Chilukuri, Sai Varshith"]
[Result "0-1"]
[WhiteElo "1491"]
[BlackElo "1943"]
[PlyCount "92"]
[EventDate "2020.05.09"]
[EventType "swiss"]
[EventRounds "9"]
[EventCountry "ROU"]
[SourceTitle "EXT 2021"]
[Source "ChessBase"]
[SourceDate "2020.10.23"]
[SourceVersion "1"]
[SourceVersionDate "2020.10.23"]
[SourceQuality "1"]

1. e4 c5 2. Nf3 Nc6 3. c3 Nf6 4. e5 Nd5 5. Bc4 Nb6 6. Bb3 d5 7. exd6 Qxd6 8. h3 g6 9. Na3 a6 10. 0-0 Bg7 11. Nc4 Nxc4 12. Bxc4 0-0 13. Qe2 Rd8 14. Rd1 b5 15. Bb3 Bf5 16. d4 cxd4 17. cxd4 Nxd4 18. Nxd4 Bxd4 19. Be3 Qe5 20. Qf3 Bxe3 21. fxe3 e6 22. Qf4 Qxb2 23. e4 Rd4 24. Rab1 Qc3 25. Rdc1 Rxe4 26. Qxe4 Qxc1+ 27. Rxc1 Bxe4 28. Re1 Bd5 29. Bxd5 exd5 30. Kf2 Rc8 31. Re2 d4 32. Rd2 Rc3 33. Ke2 Kf8 34. Rxd4 Rc2+ 35. Rd2 Rxd2+ 36. Kxd2 Ke7 37. Kc3 Kd6 38. Kb4 Kc6 39. Ka5 Kb7 40. g4 f5 41. gxf5 gxf5 42. h4 f4 43. h5 f3 44. h6 f2 45. a4 f1Q 46. axb5 Qxb5# 0-1

[Event "Mumbai Wealth U13 op 5th"]
[Site "Mumbai"]
[Date "2020.01.05"]
[Round "7"]
[White "Shah, Veer Kunjan"]
[Black "Aarav, Lakhani"]
[Result "1-0"]
[WhiteElo "1068"]
[BlackElo "1419"]
[PlyCount "85"]
[EventDate "2019.12.30"]
[EventType "swiss"]
[EventRounds "9"]
[EventCountry "IND"]
[SourceTitle "CBM 194 Extra"]
[Source "ChessBase"]
[SourceDate "2020.03.31"]
[SourceVersion "1"]
[SourceVersionDate "2020.03.31"]
[SourceQuality "1"]

1. d4 d5 2. Nf3 Nf6 3. g3 Bg4 4. Ne5 Bf5 5. Bg2 Nbd7 6. c4 e6 7. Nc3 c6 8. 0-0 Bd6 9. Bf4 Bxe5 10. dxe5 Ng4 11. e4 dxe4 12. Nxe4 Bxe4 13. Bxe4 Ngxe5 14. Qd4 Qf6 15. Rad1 0-0 16. Rd2 Rfd8 17. Rfd1 g5 18. Bxg5 Nf3+ 19. Bxf3 Qxg5 20. Qg4 Qxg4 21. Bxg4 f5 22. Bh5 Kf8 23. Rxd7 Rxd7 24. Rxd7 b5 25. cxb5 cxb5 26. Rxh7 Rd8 27. Rh8+ Ke7 28. Rxd8 Kxd8 29. f4 Kc7 30. Kf2 Kd6 31. Ke3 Kd5 32. Bf7 a5 33. h4 a4 34. h5 Kc4 35. Bxe6+ Kb4 36. a3+ Ka5 37. h6 b4 38. h7 bxa3 39. bxa3 Ka6 40. h8Q Ka5 41. Qb8 Ka6 42. Bc4+ Ka5 43. Qb5# 1-0